Internacionalizmy v odbornom jazyku
Význam internacionalizácie jazykov pri vytváraní medzinárodnej vedeckej terminológie a vo výučbe jazykov. Stupeň internacionalizácie lexiky nemeckého odborného ekonomického textu na prelome 80. rokov. Vznik internacionalizmov pomocou internacionálnej sufixácie.
Enregistré dans:
| Auteur principal: | |
|---|---|
| Format: | Chapitre de livre |
| Langue: | slovaque |
| Sujets: | |
| Tags: |
Pas de tags, Soyez le premier à ajouter un tag!
|
MARC
| LEADER | 00000naa$a2200000$$$4500 | ||
|---|---|---|---|
| 001 | 0159849 | ||
| 005 | 20240502072753.6 | ||
| 041 | 0 | |a slo | |
| 044 | |a SK | ||
| 245 | 1 | 0 | |a Internacionalizmy v odbornom jazyku |c Eleonóra Peczeová |
| 520 | |a Význam internacionalizácie jazykov pri vytváraní medzinárodnej vedeckej terminológie a vo výučbe jazykov. Stupeň internacionalizácie lexiky nemeckého odborného ekonomického textu na prelome 80. rokov. Vznik internacionalizmov pomocou internacionálnej sufixácie. | ||
| 610 | 2 | 0 | |a jazyk odborný |
| 610 | 2 | 0 | |a jazykoveda |
| 610 | 2 | 0 | |a jazyky cudzie |
| 610 | 2 | 0 | |a nemčina |
| 610 | 2 | 0 | |a ekonómia |
| 610 | 2 | 0 | |a internacionalizácia |
| 100 | 1 | |a Peczeová, Eleonóra | |